01014 a2200181 45000010006000000050017000060080041000230030015000640400040000790800038001192450103001570200022002602640045002823000019003275050455003460410008008011000023008096390920260407155938.0260407a1973 arg spa dAR-UNSa-BCEJYS aAR-UNSa-BCEJYSbspacAR-UNSa-BCEJYS a323.37xFuncionarios (burocracia)10aOrganización y burocraciapUn análisis de las teorías modernas sobre organizaciones sociales a978-84-297-0873-8 1aBarcelona :bEdiciones Penínsulac1973 a233 p.c20 cm. a1. Aproximación clásica al estudio de la burocracia – 2. El tipo ideal de burocracia – 3. Teorías de postweberianas sobre la burocracia – 4. Taylorismo y teorías formales de la administración – 5. La escuela de las relaciones humanas: su aproximación al estudio de la organización – 6. Teoría de la organización: la adopción de decisiones en los contextos organizacionales – 7. Hacia una ampliación del objetivo –  aspa1 aMouzelis, Nicos P.